Jésus et les jésuites (Record no. 167845)
[ view plain ]
| 000 -LEADER | |
|---|---|
| campo de control de longitud fija | 00683nam a2200193 i 4500 |
| 001 - NÚMERO DE CONTROL | |
| campo de control | 167845 |
| 003 - IDENTIFICADOR DE NÚMERO DE CONTROL | |
| campo de control | ES-MaACL |
| 005 - FECHA Y HORA DE LA ÚLTIMA TRANSACCIÓN | |
| campo de control | 20250820095206.0 |
| 008 - DATOS DE LONGITUD FIJA--INFORMACIÓN GENERAL | |
| campo de control de longitud fija | 050928s1879 fr |||| | fre d |
| 100 1# - ENTRADA PRINCIPAL--NOMBRE DE PERSONA | |
| Nombre de persona | Wallon, Jean. |
| 9 (RLIN) | 133874 |
| 245 10 - MENCIÓN DEL TÍTULO | |
| Título | Jésus et les jésuites |
| Resto del título | : Moïse, Jésus, Loyola, les jésuites dans l'histoire / |
| Mención de responsabilidad, etc. | Jean Wallon. |
| 260 ## - PUBLICACIÓN, DISTRIBUCIÓN, ETC. | |
| Lugar de publicación, distribución, etc. | Paris : |
| Nombre del editor, distribuidor, etc. | G. Charpentier, |
| Fecha de publicación, distribución, etc. | 1879 ( |
| Fabricante | Imp. Vve.P. Larousse et Cie.) |
| 300 ## - DESCRIPCIÓN FÍSICA | |
| Extensión | XIV, 400 p. ; |
| Dimensiones | 19 cm. |
| 610 24 - PUNTO DE ACCESO ADICIONAL DE MATERIA--NOMBRE DE ENTIDAD CORPORATIVA | |
| Nombre de entidad corporativa o nombre de jurisdicción como elemento de entrada | Jesuitas- |
| Subdivisión general | Historia |
| 9 (RLIN) | 5353 |
| 752 ## - ENTRADA AGREGADA--NOMBRE JERÁRQUICO DEL LUGAR | |
| País o entidad superior | Francia - |
| Ciudad | París |
| 852 ## - LOCALIZACIÓN | |
| Ubicación | ES-MaACL |
| Número de control de estantería | G-10906 |
| Nota libre | - Enc. tela granate |
| 852 ## - LOCALIZACIÓN | |
| Ubicación | ES-MaACL |
| Número de control de estantería | D-4677 |
| Nota libre | - Rúst. deteriorada |
| Estatus retirado | Estado de pérdida | Estado de daño | No para préstamo | Colección | Biblioteca de origen | Biblioteca actual | Ubicación en estantería | Fecha de adquisición | Fuente de adquisición | Total de préstamos | Signatura topográfica completa | Código de barras | Visto por última vez | Precio de reemplazo | Tipo de ítem Koha |
|---|---|---|---|---|---|---|---|---|---|---|---|---|---|---|---|
| Libros del s. XIX | Biblioteca del Ateneo de Madrid | Biblioteca del Ateneo de Madrid | Sala Valle Inclán | 17/01/2008 | D-4677 | 901176090 | 23/02/2023 | 23/02/2023 | Libro impreso antiguo | ||||||
| Libros del s. XIX | Biblioteca del Ateneo de Madrid | Biblioteca del Ateneo de Madrid | Sala Pecera Planta 3 | 17/01/2008 | G-10906 | 1176089 | 23/02/2023 | 23/02/2023 | Libro impreso antiguo |
